000
00350nam a2200157Ia 4500
100
_a
Gnadig/Peter/ Honyek/G
650
_a
Physics
942
_c
BK
366
_f
20
245
_a
200 puzzling physics problems
260
_b
Cambridge University Press
_c
2001
082
_a
530
_b
GNA
300
_a
257
546
_a
ENGLISH
_c
Computers
999
_c
32056
_d
32056